Program style, design, efficiency, debugging, and testing (Record no. 34676)

MARC details
000 -LEADER
fixed length control field 00332nam a2200121Ia 4500
082 ## - DEWEY DECIMAL CLASSIFICATION NUMBER
Classification number 681.3.068
Item number VAN
100 ## - MAIN ENTRY--AUTHOR NAME
Personal name Van Tassel, Dennie
245 #0 - TITLE STATEMENT
Title Program style, design, efficiency, debugging, and testing
250 ## - EDITION STATEMENT
Edition statement Ed.2
260 ## - PUBLICATION, DISTRIBUTION, ETC. (IMPRINT)
Place of publication London
Name of publisher Prentice Hall
Year of publication 1978
942 ## - ADDED ENTRY ELEMENTS (KOHA)
Koha item type Books
Holdings
Withdrawn status Lost status Damaged status Not for loan Home library Current library Date acquired Cost, normal purchase price Full call number Accession Number Koha item type
        RRII Library RRII Library 16/12/2021 16.95 681.3.068 VAN 15104 Books